01186cam a2200313 a 450000100060000000300080000600500170001400800410003103500190007204000520009104100080014308200220015124501120017324600490028524600310033425000260036526000420039130000290043350000550046250000600051765000240057765000130060165000140061470000200062870000200064871000300066878000810069878500930077936003BD-RjUL20211209052421.0140516t1968 nyuar1 0 1 a0eng d a(BD-RjUL)36100 aDIcDIdNSTdOCoLCdNSTdNSTdBD-RjULdCLUbeng aeng00a031219bINF 196800aInformation please almanac, atlas and yearbook 1969 /cplanned and supervised by Dan Golenpaul Associates.1 aInformation please almanac, atlas & yearbook14aInformation please almanac aTwenty- third edition aNew York City :bMcGraw-Hill,cc1968. a944 p. :bill. ;c22 cm. aPublished: Boston : Houghton Mifflin, <1985>-1997. aEditors: 1961-1974, Dan Golenpaul; 1975- Ann Golenpaul. 0aAlmanacs, American. 0aAlmanacs 2aAlmanacs.1 aGolenpaul, Dan.1 aGolenpaul, Ann.2 aDan Golenpaul Associates.00tInformation please almanacw(OCoLC)4790494w(DLC) 86655601w(UkOxU)01192333900tInformation please almanac (Boston, Mass.)x1529-9503w(DLC)sn 98032288w(OCoLC)37979592